Vachana (English) (Record no. 20799)
[ view plain ]
| 000 -LEADER | |
|---|---|
| fixed length control field | 00308nam a22001337a 4500 |
| 020 ## - INTERNATIONAL STANDARD BOOK NUMBER | |
| ISBN | 978-93-81457-12-2 |
| 082 ## - DEWEY DECIMAL CLASSIFICATION NUMBER | |
| Classification number | 894.8141 SWA |
| 100 ## - MAIN ENTRY--AUTHOR NAME | |
| Author name | Swamy, O.L.Nagabhushana(Tr.) |
| 245 ## - TITLE STATEMENT | |
| Title | Vachana (English) |
| 260 ## - PUBLICATION, DISTRIBUTION, ETC. (IMPRINT) | |
| Place of publication | Bengaluru |
| Name of publisher | Basava Samithi |
| Year of publication | 2012 |
| 300 ## - PHYSICAL DESCRIPTION | |
| Number of Pages | 897 |
| 650 ## - SUBJECT ADDED ENTRY--TOPICAL TERM | |
| Topical Term | Saivism |
| 942 ## - ADDED ENTRY ELEMENTS (KOHA) | |
| Koha item type | Books |
| Collection code | Home library | Current library | Shelving location | Date acquired | Source of acquisition | Cost, normal purchase price | Full call number | Accession Number | Koha item type |
|---|---|---|---|---|---|---|---|---|---|
| Reference | Henry Martyn Institute Library | Henry Martyn Institute Library | Reference | 11/01/2017 | Basava Samithi | 250.00 | 894.8141 SWA | 11-3583 | Books |
